| 000 -LEADER |
| fixed length control field |
00714nam a22001337a 4500 |
| 040 ## - CATALOGING SOURCE |
| Transcribing agency |
RUA |
| 082 ## - DEWEY DECIMAL CLASSIFICATION NUMBER |
| Classification number |
FIS PRU 2021 B473 Or. |
| 100 ## - MAIN ENTRY--AUTHOR NAME |
| Personal name |
PRUM SOKHEN ព្រំ សុខេន |
| 245 ## - TITLE STATEMENT |
| Title |
INVESTIGATING THE CARBON CONTENT OF SEAGRASS MEADOW SEDIMENTS IN KOH POH, KEP PROVINCE. ការវាយតម្លៃបរិមាណកាបូនក្នុងតំបន់មានស្មៅសមុទ្រដោយការយកសំណាកដីល្បាប់នៅកោះពោធិ៍ ខេត្តកែប |
| 260 ## - PUBLICATION, DISTRIBUTION, ETC. (IMPRINT) |
| Place of publication |
Phnom Penh |
| Name of publisher |
RUA |
| Year of publication |
2021 |
| 300 ## - PHYSICAL DESCRIPTION |
| Number of Pages |
XI.41P |
| Dimensions |
29CM |
| 856 ## - ELECTRONIC LOCATION AND ACCESS |
| Uniform Resource Identifier |
https://drive.google.com/file/d/11YLf8PQa5KxX4VtqX9Dz04LdIWCwMbgR/view?usp=sharing |
| 942 ## - ADDED ENTRY ELEMENTS (KOHA) |
| Koha item type |
FIS |
| 952 ## - LOCATION AND ITEM INFORMATION (KOHA) |
| Withdrawn status [LOCAL, KOHA] |
0 |
| 952 ## - LOCATION AND ITEM INFORMATION (KOHA) |
| Withdrawn status [LOCAL, KOHA] |
0 |
| 952 ## - LOCATION AND ITEM INFORMATION (KOHA) |
| Withdrawn status [LOCAL, KOHA] |
0 |
| 952 ## - LOCATION AND ITEM INFORMATION (KOHA) |
| Withdrawn status [LOCAL, KOHA] |
0 |